Historia : el mundo contemporáneo /

Guardado en:
Autor Principal: Alonso, María Ernestina
Otros Autores: Vázquez, Carlos Enrique, Giavón, Analía
Formato: Libro
Publicado: Buenos Aires : Aique, 1999.
Series:Polimodal
Materias:
Etiquetas: Agregar Etiqueta
Sin Etiquetas, Sea el primero en etiquetar este registro!
LEADER 03052nam a22003975a 4500
001 CEM.cems009946
008 130507b1999####ag############000#0#####d
005 20241220103433.0
245 1 0 |a Historia :  |b el mundo contemporáneo /  |c María Ernestina Alonso, Enrique Carlos Vázquez, Analía Giavón 
260 |a Buenos Aires :  |b Aique, 1999. 
300 |a 288 p. 
490 0 |a Polimodal 
505 0 |a La realidad social contemporánea -- El largo siglo XIX (1760-1914) -- Europa y los Estados Unidos -- Origen, consolidación y expansión del capitalismo -- La difusión del liberalismo y la democracia -- América Latina -- La incorporación de las economías latinoamericanas al mercado capitalista internacional -- La formación de los estados nacionales -- Asia y Africa -- El mundo afroasiático hasta fines del siglo XIX: la colonización informal -- El reparto imperialista de Africa y Asia -- El corto siglo XX (1914-1991) -- Europa y los Estados Unidos -- La primera guerra mundial y la crisis de la democracia liberal -- De la gran depresión a la segunda guerra mundial -- De la "guerra fría" al fin del mundo bipolar (1945-1991) -- América Latina -- Continuidades y cambios en la organizacion de las economías y las sociedades latinoamericanas (1870-1930) -- Revolución social y reformas políticas en las primeras décadas del siglo XX -- Nacionalismo, populismo, socialismo y autoritarismo militar (1930-1990) -- Asia y Africa -- El proceso de desconolización del tercer mundo: movimientos de liberación, revoluciones y nacionalismos -- Epílogo: globalización capitalista, fragmentación y conflictos sociales 
020 |a 9507015183 
100 1 |a Alonso, María Ernestina 
700 1 |a Vázquez, Carlos Enrique 
700 1 |a Giavón, Analía 
082 0 4 |a Z940.5 
653 |a Historia 
653 |a Historia-polimodal 
859 |a CEMS  |b BIB. CEMS - 11 de abril  |h 940.5  |i Al64  |p 20304.99  |t Ej.1 
859 |a CEMS  |b BIB. CEMS - 11 de abril  |h 940.5  |i Al64  |p 20307.99  |t Ej.2 
859 |a CEMS  |b BIB. CEMS - 11 de abril  |h 940.5  |i Al64  |p 20624.99  |t Ej.3 
859 |a CEMS  |b BIB. CEMS - 11 de abril  |h 940.5  |i Al64  |p 20625.99  |t Ej.4 
859 |a CEMS  |b BIB. CEMS - 11 de abril  |h 940.5  |i Al64  |p 20892.00  |t Ej.5 
859 |a CEMS  |b BIB. CEMS - 11 de abril  |h 940.5  |i Al64  |p 21756.02  |t Ej.6 
859 |a CEMS  |b BIB. CEMS - 11 de abril  |h 940.5  |i Al64  |p 21757.02  |t Ej.7 
859 |a CEMS  |b BIB. CEMS - 11 de abril  |h 940.5  |i Al64  |p 21960.03  |t Ej.8 
859 |a CEMS  |b BIB. CEMS - 11 de abril  |h 940.5  |i Al64  |p 21962.03  |t Ej.10 
859 |a CEMS  |b BIB. CEMS - 11 de abril  |h 940.5  |i Al64  |p 24067.07  |t Ej.11 
859 |a CEMS  |b BIB. CEMS - 11 de abril  |h 940.5  |i Al64  |p 24068.07  |t Ej.12 
859 |a CEMS  |b BIB. CEMS - 11 de abril  |h 940.5  |i Al64  |p 24069.07  |t Ej.13 
859 |a CEMS  |b BIB. CEMS - 11 de abril  |h 940.5  |i Al64  |p 24070.07  |t Ej.14 
859 |a CEMS  |b BIB. CEMS - 11 de abril  |h 940.5  |i Al64  |p 24071.07  |t Ej.15 
859 |a CEMS  |b BIB. CEMS - Agricultura  |h 940.5  |i Al722  |p A0103.00  |t Ej.1  |v 1  |3 Vol. 1 
859 |a CEMS  |b BIB. CEMS - Agricultura  |h 940.5  |i Al722  |p A0464.03  |t Ej.2  |v 1  |3 Vol. 1